Nierozwiązane zagadki historii - Statystyki

Ogólne statystyki
  • Ten quiz został rozwiązany 135 razy
    131 od ostatniego zresetowania
  • Średni wynik to 6 z 20
Statystyki odpowiedzi
Pytanie Odpowiedź % Poprawnych
Jaką nazwę nosi łańcuch górski w Rosji w którym znajduje się "Przełęcz Diatłowa" na której w 1959 w tajemniczych okolicznościach ginie 9 podróżników? Ural
69%
Jaką nazwę nadano obszarowi Atlantyku, w rejonie Bermudów w którym rzekomo zaginęło około 500 statków i samolotów? Trójkąt Bermudzki
68%
Ambasadorzy USA w którym kraju w roku 2016 doświadczyli tajemniczych problemów zdrowotnych wywołanych dźwiękiem wysokiej częstotliwości? Kuba
54%
Jaką nazwę nosi płótno na którym w niewyjaśniony sposób naniesiona jest twarz mężczyzny? -Przez Kościół i osoby wierzące uznawane za oblicze Jezusa. Całun Turyński
52%
Jaki innym pseudonim miał tzw. londyński "Morderca z Whitechapel" odpowiedzialny za brutalne mordy przynajmniej pięciu prostytutek? Kuba Rozpruwacz
52%
Z jakiego kruszcu został wykonany skradziony przez Niemców w czasie drugiej wojny światowej wystrój komnaty pałacu w Carskim Siole? -Skradzionej własności nigdy nie odnaleziono. Bursztyn
43%
Jaką nazwę nosi miejscowość w stanie Nowy Meksyk niedaleko, której w 1947 roku doszło do rzekomego zestrzelenia statku UFO? Roswell
38%
Jaki pseudonim nadał sobie seryjny morderca działający na przełomie lat 60'tych i 70'tych w rejonie zatoki San Francisco? -Sprawca zasłynął faktem, że zostawiał policji zaszyfrowane wiadomości w których rzekomo miał zdradzić swoją tożsamość. Zodiak
36%
Do jakich linii lotniczych należał samolot Boeing 777-200ER, który zaginął w 2014 roku nad wodami Oceanu Indyjskiego? Malaysia Airlines
31%
Jak miała na nazwisko amerykańska pilot, która zaginęła nad Oceanem Spokojnym w czasie próby okrążenia Ziemi samolotem po równiku? Amelia Earhart
27%
Z jakiego kraju nadaje stacja numeryczna UVB-76 potocznie nazywana Buzzer? -Stacja nadaje stały brzęczący sygnał co 0.8 sekundy. Transmisja jedynie kilka razy została przerwana przez inną w czasie której nadano ciąg liczb oraz imion. Rosja
27%
Jaką nazwę noszą pozostawione na Wyspie Wielkanocnej posągi? -Twórcy posągów pomimo pewnych teorii są nieznani. Moai
24%
W jakim amerykańskim mieście w 1942 roku doszło do ostrzału artylerii przeciwlotniczej w kierunku nieznanego latającego obiektu? Los Angeles
16%
Jaką nazwę nadano silnemu sygnałowi radiowemu pochodzącego spoza Układu Słonecznego, odebranego przez dr. Jerry’ego R. Ehmana 15 sierpnia 1977 roku przy pomocy radioteleskopu Big Ear? Wow
15%
Jaką nazwę nosi najprawdopodobniej XV wieczna książka zapisana do tej pory niezłamanym szyfrem? -Książka jest mocno ilustrowana malowidłami dziwnych, nieznanych człowiekowi roślin oraz stworzeń. Manuskrypt Voynicha
10%
W którym mieście znajdującym się obecnie w graniach Francji w roku 1518 wybuchła tzw. Taneczna Plaga? -Ponad 400 osób bez wyraźnej przyczyny tańczyło bez przerwy całymi dniami na ulicy miasta, część osób zmarła z powodu przemęczenia organizmu. Strasburg
8%
Jaką nazwę nosi wyspa u wybrzeży Nowej Szkocji na której znajduję się zasypana studnia w której rzekomo jest zasypany skarb pirata Williama Kidda? Wyspa Dębów
6%
Na terenie jakiego kraju miało znajdować się państwo Taured z którego rzekomo pochodził tajemniczy podróżny na Japońskim lotnisku? -Mężczyzna pomimo obstawy policji zaginął z hotelu w którym został tymczasowo umieszczony. Andora
4%
W jakim stanie USA, znajdowała się osada kolonialna na wyspie Roanoke, której mieszkańcy zaginęli, zostawiając po sobie jedynie tabliczkę z napisem "Croatan"? Karolina Północna
4%
Jaką nazwę nosił opuszczony przez załogę, amerykański statek który 5 grudnia 1872 został odnaleziony na wodach Oceanu Indyjskiego? -Statek odnaleziono w doskonałym stanie, jedynie bez szalup ratunkowych. Los załogi do tej pory nie jest znany. Mary Celeste
2%
Nie znaleziono quizów pasujących do podanych kryteriów
Rozkład punktacji
Procent ludzi z każdym wynikiem
Percentyl według liczby udzielonych odpowiedzi
Twoja historia wyników
Nie rozwiązałeś tego quizu od ostatniego zresetowania